[Event "Biel MTO op 50th"]
[Site "Biel"]
[Date "2017.07.25"]
[Round "2"]
[White "Karthikeyan, Murali"]
[Black "Colmenares, Aurelio"]
[Result "1-0"]
[WhiteElo "2579"]
[BlackElo "2406"]
[Annotator "Karthikeyan,M"]
[PlyCount "81"]
[EventDate "2017.07.24"]
[EventType "swiss"]
[EventRounds "9"]
[EventCountry "SUI"]
[SourceTitle "CBM 180"]
[Source "ChessBase"]
[SourceDate "2017.09.13"]
[SourceVersion "1"]
[SourceVersionDate "2017.09.13"]
[SourceQuality "1"]

1. e4 c5 2. Nf3 Nc6 3. Bb5 d6 4. O-O Bd7 5. Re1 Nf6 6. c3 a6 7. Bf1 Bg4 8. d3 (
8. d4 {is another line which is very interesting.} cxd4 9. cxd4 Bxf3 (9... e5
10. Be3 exd4 11. Bxd4 Bxf3 12. gxf3) (9... d5 10. e5 {[%csl Gd4,Ge5]}) 10. gxf3
) (8. h3 {is also possible} Bxf3 (8... Bh5 9. g4 Bg6 10. d4 Nxe4 (10... cxd4
11. cxd4)) 9. Qxf3 e6 (9... g6 10. d3 Bg7 {Here White has wasted a tempo by
playing h3. Anyway Black would exchange the f3-knight so it might be better if
White improves necessary things before playing h3. Black has a decent position
but White could try to win with his bishop pair}) 10. d3 $14) 8... e6 (8... g6
9. Be3 {[%csl Gh6]} (9. Nbd2 Bh6 $5 {This concept arises in various openings}
10. h3 Bxf3 11. Nxf3 (11. Qxf3 O-O {it is doubult whether the knight can be
released without the exchange of knights. if so, White would lose more tempi})
11... Bxc1 12. Rxc1 O-O {Still White keeps chances but those are minimal}) (9.
h3 Bxf3 10. Qxf3 Bg7 {anyway Black is going to take so it is not necessary for
White to play h3 immediately.}) 9... Bxf3 (9... Bg7 10. Nbd2 O-O 11. h3 Bxf3 (
11... Bd7 12. d4 $14) 12. Nxf3 {now the knight has arrived to f3 without
wasting a tempo so White is better}) 10. Qxf3 {White has made the move Be3
instead of h3 which might be better.}) 9. Nbd2 (9. h3 Bh5 10. g4 Bg6 11. Nh4
Be7 12. f4 Nd7 {is still an opening. White has various options.} 13. Ng2 {
is another line} (13. g5) (13. Nf3)) 9... Nd7 $5 (9... Be7 10. h3 Bh5 (10...
Bxf3 11. Nxf3 $14 {the point is White has brought his knight to f3 without
wasting a tempo}) 11. g4 (11. g3 O-O 12. Bg2 h6 $11 {and White has no clear
plan}) 11... Bg6 12. Nh4 d5 $5 (12... Nd7 13. Ng2 O-O (13... e5 14. f4 exf4 15.
Nxf4 Bh4 16. Re2 $14 {,=}) 14. f4 h6 15. f5 Bh7 16. Nf3 $14 {[%csl Yh7]}) 13.
Bg2 dxe4 14. dxe4 Ne5 15. Nf5 $5 {but the position is still unclear.}) 10. h3 (
10. Qb3 $5 Be7 11. h3 (11. Qxb7 $4 {would be fatal} Na5 {and White loses his
queen}) 11... Bh5 12. d4 O-O $11 13. d5 Na5 {and Black is fine:} 14. Qc2 b5) (
10. Nc4 Be7 11. Ne3 Bh5 $11) 10... Bh5 (10... Bxf3 11. Nxf3 $14 {as mentioned
earlier, White got his knight to f3 which will be helpful for the d4-break.})
11. g4 (11. Qb3 Be7 12. d4 O-O {would transpose to above note.}) (11. d4 cxd4
12. g4 dxc3 $17) 11... Bg6 12. d4 cxd4 (12... e5 13. d5 Ne7 14. Nh4 $16 {
[%csl Yg6] gives White enormous space.}) (12... Be7 $5 {was a interesting line}
13. d5 Nce5 14. Nxe5 dxe5 (14... Nxe5 15. f4 {and Black would lose either his
knight or the g6-bishop.}) 15. dxe6 (15. Nf3 {is the same position as in the
game but with the inclusion of c5- and c3-pawns, and might be better for White.
}) 15... fxe6 16. Bc4 Qc7 17. Bxe6 O-O-O $14 {and Black might have some
compensation but didn't get any immediate attack.}) 13. cxd4 Be7 (13... h5 14.
d5 Nce5 15. g5 $14 {gives White good space, a possible line is} exd5 16. exd5
Be7 17. Nxe5 dxe5 18. Nf3 $14) (13... e5 14. d5 Na7 15. b4 $16 {[%csl Yg6]})
14. d5 (14. Qb3 h5 15. Qxb7 Rc8 {and the position remains unclear as White has
to open the kingside:} 16. g5 (16. Nc4 O-O) 16... O-O $15) 14... Nce5 (14...
exd5 $5 15. exd5 Nce5 (15... Nb4 16. Ne4 Nb6 17. Qd4 Nc2 18. Qxg7 $16) 16. Nxe5
(16. Ne4 Nxf3+ 17. Qxf3 O-O $11) 16... dxe5 17. Nf3 (17. d6 Bxd6 18. Nc4 Be7
19. Nd6+ Kf8 (19... Bxd6 20. Qxd6 Qe7 21. Qxe7+ Kxe7 22. b3 $16) 20. Bg2 Nc5
21. Nxb7 Qxd1 22. Rxd1 Nd3 {and Black equalises}) (17. Nc4 O-O 18. d6 Bh4 {
Black has good chances to play on the kingside}) 17... Bd6 18. Bf4 f6 19. Nd4
Kf7 20. Ne6 Qe7 {and Black has counterplay.}) 15. Nxe5 (15. dxe6 fxe6 16. Nd4
Bh4 {is the correct way} (16... O-O {is also possible} 17. Nxe6 Qb6 18. Nxf8
Rxf8 {I don't know about this position} 19. Re2 (19. Qb3+ Qxb3 20. axb3 Bh4 $11
) 19... d5 20. Qb3 Qxb3 21. Nxb3 $14) 17. Re2 (17. Nxe6 Qf6 18. Nc7+ Kd8 19.
Nxa8 Qxf2+ 20. Kh1 Qxe1 $19) 17... Nc5 $15) (15. Nd4 exd5 16. f4 Qb6 $15) 15...
dxe5 (15... Nxe5 16. f4 Qb6+ 17. Kg2 Bh4 18. Re2 {and Black loses a piece.})
16. Nf3 (16. dxe6 fxe6 17. Bc4 Qb6 $132) (16. Nc4 O-O 17. d6 Bh4 $11 {[%csl
Yd6,Gd7]}) 16... Bc5 $2 (16... Rc8 $1 17. b3 (17. d6 Bf8 $1 {[%csl Yd6][%cal
Gc8c6] is the point behind this move, White cannot save his d6-pawn:} 18. b3
Rc6 19. Ba3 Qa5) (17. dxe6 fxe6 $11) (17. Bg2 exd5 (17... O-O 18. d6 {[%csl
Yf8]}) 18. Qxd5 (18. exd5 Bd6 {and Black is doing fine}) 18... f6 19. Be3 Rc6 {
and Black is fine}) 17... Bc5 {and Black has gained a tempo} 18. Be3 O-O $132)
(16... exd5 17. Qxd5 (17. exd5 Bd6 18. Bf4 f6 {transposes to one of the above
notes}) 17... f6 18. Qxb7) (16... h5 17. g5 $14) (16... O-O 17. d6 {is the
main problem for Black, he has no reasonable squares to which to retreat his
bishop:} Bh4 18. Bg2 $16 {[%csl Yh4]}) 17. dxe6 (17. Be3 {is also possible but
in this variation White has to calculate other lines:} Bxe3 (17... Bxe4 18.
dxe6 (18. Nxe5 Bxd5) 18... fxe6 19. Bxc5 Nxc5 20. Nxe5 Qxd1 21. Raxd1 $18) 18.
Rxe3 f6 {this is not possible if first dxe6 like in the game} (18... exd5 19.
Qxd5 O-O 20. Rd1 $16) 19. dxe6 Nc5 {is the position that White should evaluate
if he goes via this move order} 20. Qd5 (20. Bc4 Qxd1+ 21. Rxd1 Ke7 22. Nh4
Nxe6 23. Nxg6+ hxg6 24. Bxe6 (24. Red3 Nd4) 24... Kxe6 25. Red3 $14 {and White
needs to play this position where Black has good chances of saving}) 20... Qe7
21. Rc1 Nxe6 22. Bxa6 $1 {and White is better in all lines.}) 17... fxe6 18.
Be3 Qf6 $6 (18... Rc8 $5 {is the best practical chance} 19. Rc1 Bxe3 20. Rxe3
Rxc1 21. Qxc1 O-O 22. Qc3 $16 {[%csl Ye5,Ye6,Yg6]}) (18... Bxe3 19. Rxe3 Qf6
20. Rc1 Rd8 21. Rc7 Nc5 22. Qe2 $18) 19. Rc1 b6 (19... Bxe3 20. Rxe3 Rd8 21.
Rc7 $18) 20. Bg5 (20. b4 {is interesting} Bxb4 21. Bg5 Qf7 22. Re3 Bc5 (22...
O-O 23. Rc7) 23. Rxc5 $1 Nxc5 (23... bxc5 24. Qd6 {[%cal Gf1c4,Gc4e6] and
Black has no good moves}) 24. Qd6 Qd7 25. Qxb6 Rc8 26. Nxe5 Qc7 27. Qxc7 Rxc7
28. Rc3 $16) (20. Bxc5 Nxc5 (20... bxc5 21. Qd6 Qe7 22. Qc7 $18) 21. Qd6 {
is also good} Rd8 (21... Qxf3 22. Rxc5 bxc5 23. Qxe6+ Kf8 24. Qd6+ Ke8 25.
Qxe5+ $18) 22. Qxb6 O-O 23. Qxc5 Qxf3 24. Qe3 $16) 20... Qf7 21. Rxc5 Nxc5 (
21... bxc5 22. Qd6 h6 23. Bh4 $18) 22. Nxe5 $6 (22. Qd6 {[%cal Gb2b4]} Qd7 $8
23. Qxb6 O-O 24. Nxe5 Qa7 (24... Qd4 25. Nd3 $1 Nxd3 26. Qxd4 Nxe1 27. Be2 Nf3+
(27... Rac8 28. Qd1 $18) 28. Bxf3 Rxf3 29. Be3 $18) 25. Qxa7 Rxa7 26. Rc1 Nd7 (
26... Nxe4 27. Be3 Raa8 (27... Re7 28. Rc4 Nd6 29. Rc6 $18) 28. Nxg6 hxg6 29.
Bg2 $18) 27. Nxg6 hxg6 28. Be3 $18) (22. b4 O-O (22... Nxe4 23. Qa4+ Kf8 24.
Qc6 Qe8 25. Qxb6 $16) 23. bxc5 (23. Nxe5 Qxf2+) 23... Qxf3 24. Qxf3 Rxf3 25.
cxb6 Rc3 $11 {but still Black needs to be careful as the b6-pawn might become
dangerous.}) 22... Qc7 (22... Qb7 23. Qd6 $18 {[%csl Re8]}) 23. Bf4 (23. Nxg6
hxg6 24. b4 Nd7 25. Qb3 $16 {was also good but Black is still surviving.})
23... O-O $2 (23... Qd8 24. b4 (24. Qxd8+ Rxd8 25. b4 Nd7 26. Nxg6 hxg6 27.
Bxa6 $16 {is also one possible line}) 24... Qxd1 25. Rxd1 Na4 26. Rd7 O-O 27.
Nxg6 hxg6 28. Be5 Rf7 29. Rd6 $16 {but Black is still fighting.}) (23... Qb7
24. b4 Nd7 25. Qd6 Nxe5 26. Qxe6+ Qe7 27. Qxe7+ Kxe7 28. Bxe5 $16) 24. Nxg6
Rxf4 25. Nxf4 Qxf4 26. b4 Nb7 27. Qc1 $6 (27. Qd7 Nd8 (27... Qf7 28. Rd1 Qxd7
29. Rxd7 $18) (27... Rf8 28. Qxe6+ Kh8 29. Qxb6 $18) 28. Bxa6 {is simple} Nf7
29. Qxe6 Kh8 30. Qf5 $18) 27... Qf7 (27... Qxc1 28. Rxc1 {and White is a clear
pawn up.}) 28. Qc6 b5 29. e5 $5 {[%csl Yb7]} Rf8 30. Qb6 (30. Re2 h5 {is what
Black wants for counterplay.}) 30... Nd8 (30... h5 31. Rd1 hxg4 32. Bg2 {
[%csl Rb7]}) 31. Rd1 Qe7 32. Qxa6 Nf7 (32... Qxb4 33. Qb6 Qe7 34. Bxb5 $18) 33.
Qxb5 Qh4 34. Qe2 Nxe5 (34... Ng5 35. Bg2 Nxh3+ 36. Bxh3 Qxh3 37. Rd4 $18) 35.
Bg2 (35. Qxe5 Qxf2+ 36. Kh1 Qf3+ {[%csl Rd1][%cal Gf3d1]}) 35... Ng6 36. Qxe6+
Kh8 37. Qe3 Nf4 38. b5 h5 39. Rd4 Qg5 (39... Qf6 40. Rxf4 Qxf4 41. Qxf4 Rxf4
42. b6 Rb4 43. b7 Kg8 44. a4 {[%cal Ga4a7]}) 40. b6 hxg4 41. Rxf4 {And the
pawn queens.} 1-0

[Event "Budapest FS12 GM-A"]
[Site "Budapest"]
[Date "2001.12.01"]
[Round "1"]
[White "Felgaer, Ruben Alejandro"]
[Black "Paschall, William M"]
[Result "0-1"]
[WhiteElo "2467"]
[BlackElo "2393"]
[Annotator "Kostakiev,D"]
[PlyCount "74"]
[EventDate "2001.11.01"]
[EventType "tourn"]
[EventRounds "13"]
[EventCountry "HUN"]
[EventCategory "10"]
[SourceTitle "CBM 087"]
[Source "ChessBase"]
[SourceDate "2002.03.21"]
[SourceVersion "1"]
[SourceVersionDate "2002.03.21"]
[SourceQuality "1"]

1. e4 c5 2. Nf3 Nc6 3. Bb5 $5 {(? : Alekhine)} d6 {("Any answer to 3.Bb5? is
good": Alekhin). Historicaly this move exploded in 1851 used by 3 imenant
maestros.} ({On this topic, an important prophetic game unjust forgotten by
most of the handbooks, was played and commented by the genius Alekhine half a
century ago. Let us make an approach to its opening.} 3... g6 4. O-O Bg7 5. Nc3
a6 $6 {/!?[possible but:Xb6--Alekhine]} 6. Bxc6 bxc6 7. d3 d6 8. Qe2 (8. Be3 {
0-1 Fuhrmann,M-Daebel,H/Dortmund 1999/EXT 2002 (44)}) 8... e5 9. Nd2 (9. Ne1 $1
$146 {1/2-1/2 Di Paolo,R-Vachier Lagrave,M/Clichy FRA 2001/The Week in Chess
372 (70)}) 9... g5 $1 {[#] [/\ X f2-f4]} 10. Nc4 h6 11. Bd2 Be6 12. Rae1 $6 ({
Alekhine:} 12. Na4 $142 $5 Ne7 13. Ba5 Qb8 14. Nab6 Ra7 $132) 12... Ne7 $15 {
0-1 Henneberger,W-Alekhine,A/Zuerich 1934/HCL (52). Why prophetic? Please note
3 of the moves in that Alekhine's game: 3..g6, 9...g5! and 12...Nge7. They
influence todays practice.}) (3... e6 4. Bxc6 (4. O-O Be7 5. Bxc6 bxc6 6. c4 {
Das Schachturnier zu London im Jahre 1851, p. 55. 1-0 Williams,E-Mucklow,J/
London 1851/EXT 2002 (38)}) 4... bxc6 5. O-O ({The iniciater of this line
Winawer prefered:} 5. d3 d5 6. O-O Bd6 7. c4 Ne7 8. Qe2 O-O 9. b3 e5 10. exd5
cxd5 11. Nxe5 Re8 12. Nf3 Bg4 $15 {Winawer,S-Golmayo,C Paris 1867 (1:0)}) 5...
d6 (5... Ne7 $5 6. d3 Ng6 7. Qe2 Be7 8. Ne1 O-O 9. f4 f5 10. c4 {
Winawer-Chigorin London 1883} d6 $15 {0-1 (44)}) 6. b3 e5 7. d3 Ne7 8. Nbd2 g6
9. Nc4 Bg7 10. Bd2 O-O 11. b4 d5 12. Ne3 c4 13. dxc4 d4 {0-1 Paoli,E-Horvath,G/
Agard 1976/MCD (44)}) (3... Nd4 $5) (3... a6 4. Bxc6 {0-1 Heijmans,S-Van't
Kruijs/Amsterdam 1851/EXT 99 (37)} (4. Bxc6 bxc6 5. b3 d5 6. e5 e6 7. Bb2 Ne7
8. O-O Ng6 9. c3 Qc7 10. d4 cxd4 11. cxd4 c5 {0-1 Heijmans,S-Van't Kruijs/
Amsterdam 1851/EXT 99 (37)})) (3... Qc7 {Das Schachturnier zu London im Jahre
1851, p. 8. 0-1 Bird,H-Horwitz,B/London 1851/EXT 2002 (32)}) (3... e6 {Das
Schachturnier zu London im Jahre 1851, p. 55. 1-0 Williams,E-Mucklow,J/London
1851/EXT 2002 (38)}) 4. O-O ({Alekhine's idea we can find also in the
fallowing game:} 4. Bxc6+ bxc6 5. h3 e5 $1 6. O-O $2 (6. d3 {Boensch,U}) 6...
g5 $1 7. d3 (7. Nh2 {Boensch,U} h5 8. d3 g4 $17) 7... g4 8. hxg4 Bxg4 9. Nbd2
Ne7 10. Qe1 Rg8 {0-1 Spasov,V-Rogers,I/Groningen 1989/CBM 16/[Boensch,U] (24)})
4... Bd7 5. Re1 ({Closer to Ruy Lopez is the other line:} 5. c3 a6 6. Ba4 Nf6 (
6... b5 7. Bc2 e5 8. d4 cxd4 9. cxd4 Bg4 {1/2-1/2 Staechelin,R-Bichsel,W/SUI
1993/TD (59)}) 7. Re1 b5 8. Bc2 Bg4 9. h3 Bxf3 10. Qxf3 g6 11. d3 Bg7 {1/2-1/2
Ponomariov,R-Topalov,V/Las Vegas 1999/CBM 72 (62)}) 5... Nf6 (5... a6 $1 6. Bf1
$1 Bg4 7. d3 $1 (7. h3 $6 Bxf3 8. Qxf3 g6 9. c3 Bg7 10. Qd1 e6 11. d3 Nge7 12.
Nd2 b5 13. Nf3 Qb6 {0-1 Ponomariov,R-Topalov,V/Las Vegas 1999/CBM 72 (45)})
7... Nf6 $6 {The place of this N is to e7 a la Alekhine} 8. Nbd2 e5 9. c3 Be7
$6 {beter is this B to be develloped on g7 or on h6.} 10. Nc4 O-O 11. g3 $14 {
Grabliauskas,V-Kostakiev,D/sf Wch ICCF 2002 (42)}) 6. c3 a6 7. Bxc6 (7. Bf1 $5
Bg4 {The fight is for point d4} 8. h3 $6 (8. d3 $142 {/\Nbd2 and after that
h2-h3}) 8... Bxf3 {0-1 Sofronie,I-Parligras,M/Targoviste 2001/CBM 87_01 (33)} (
8... Bh5 {is an alternative, probably, stronger than the text... The positions
after 8...Bh5 9.d3 e6 10.Nbd2 Be7 11.g4 Bg6 12.Nh4 are very sharp (Tiviakov).})
) (7. Bf1 {is white's second move which leads to a much more quite position
than the text (Har Zvi)}) 7... Bxc6 8. d4 {another crossroad} Bxe4 (8... cxd4
9. cxd4 Bxe4 10. Nc3 (10. Bg5 Bxf3 11. Qxf3 Qa5 {1/2-1/2 Smirin,I-Alterman,B
Israel 1995 63/(157)}) 10... Bxf3 11. Qxf3 e6 12. Qxb7 Qc8 13. Qf3 (13. Qb3 Be7
14. d5 e5 15. Bg5 (15. Na4 Rb8 16. Nb6 Qg4 17. f3 Qh4 18. Be3 {Shabanov,
Y-Stripunsky,A Karvina 1993 60/(200)}) 15... O-O 16. Ne4 Rb8 17. Qa3 Nxd5 18.
Bxe7 Nxe7 19. Nxd6 Qe6 $11 {Zaitev,I-Stripunsky,A Bucurest 1994 60/(200)})
13... Be7 14. d5 e5 15. Bg5 O-O 16. Ne4 Nxd5 (16... Nxe4 $2 17. Bxe7 Re8 18.
Rxe4 Rxe7 19. Rc4 {[%csl Rc6]}) 17. Nxd6 Qe6 (17... Bxd6 18. Qxd5 $14 {[%csl
Ga2,Ra6,Gb2]}) 18. Rad1 Qxd6 19. Bxe7 Qxe7 20. Rxd5 $14 {/= Smirin,I-Alterman,
B Struga zt 1995 63/157 [Alterman,B]}) 9. Bg5 Bd5 (9... d5 {Har Zvi}) 10. c4 {
Har Zvi: '10.Nbd2 is white's main move when black normally replies with e6 and
you get a very complicated positions'} (10. Nbd2 e6 (10... e6 11. c4 Bxf3 12.
Qxf3 cxd4 13. Qxb7 Qc8 14. Qf3 (14. Qb6 Qc5 15. Qb7 Qc8 16. Qb6 Qc5 {1/2-1/2
Nevednichy,B-Lukin,A/URS 1979/MCD (16)}) 14... Be7 15. Nb3 h6 {0-1 Pedersen,
H-Sher,M/Farum 1993/TD (30)})) 10... Bxf3 {'?' Har Zvi: 'Macharicev gives this
move ?! OK for the first time it was played I agree ?! but if this is not very
good for black so on the second time I give it ?'} (10... Bxc4 11. Nc3 e6 (
11... b5 $5) (11... Nd5 $5) (11... Be6 12. dxc5 dxc5 13. Qa4+ b5 14. Qh4 $36)
12. Bxf6 gxf6 (12... Qxf6 13. dxc5 O-O-O {1/2-1/2 Taulbut,S-Kupreichik,V/
Hastings 1981/MCD (64)}) 13. d5 e5 14. Nh4 Bb5 15. Ne4 Bd7 16. Qh5 Qe7 {
1-0 Balduan,M-Emunds,H/Germany 2000/EXT 2001 (48)} (16... h6 17. f4 Qe7 18.
fxe5 dxe5 19. d6 Qe6 20. Rf1 O-O-O $15 {Martinovic,S-Anand,V Groningen 1989}))
11. Qxf3 cxd4 12. Qxb7 Qc8 13. Qf3 e6 (13... Ng4 14. Nd2 $14) (13... Rb8) (
13... Nd7 $5 14. Qe4 (14. Nd2 Ne5 15. Qe4 h6 16. Bf4 $16 {Macharicev}) 14... f6
$5) 14. Bxf6 $14 gxf6 15. Qxf6 {Har Zvi: 'in his analyse to Damaso-Grivas
Macharicev gives "?" to this move and writes 15...Rg8 with counterplay,but I
think white is just better here'} (15. Nd2 {Har Zvi} Be7 16. Nb3 $1 e5 $2 (
16... O-O 17. Nxd4 Qxc4 18. Re4 (18. Nf5 $5) 18... Qd5 19. Rd1 $36 {/+/-}) 17.
Nxd4 $1 $18 {Damaso,R-Grivas,E Erevan olm 1996}) 15... Rg8 16. Nd2 Rg6 $146 (
16... Bg7 17. Qh4 {1-0 German,G-Sorokin,M/Villa Martelli 1997/CBM 60/[Har Zvi]
(45)}) (16... Qc6 $2 {Har Zvi} 17. Rxe6+ fxe6 18. Qxe6+ $18) 17. Qxd4 $16 Rb8 (
17... Qb7 18. g3 $16) 18. Ne4 (18. Qh8 $16) 18... Qc6 (18... e5) 19. Rad1 f5 (
19... e5) 20. Ng3 Kf7 21. b3 $16 Be7 (21... e5 22. Qh4 $16 (22. Qd3 $14 f4))
22. f3 $6 (22. h4 $142 $1 e5 23. Qd3 $16) 22... Rbg8 (22... e5 23. Qd3 f4 24.
Qf5+ Kg8 25. Ne4 Rf8 26. Qh5) 23. Re2 h5 (23... e5) 24. Rde1 (24. Qa7 Re8 25.
Kf1 $18) 24... Bd8 $14 25. Qd3 h4 26. Nh5 ({If White wanted to play with 4
pawns against B it was the moment now and not later as it was done.} 26. Nxf5
$5 Qc5+ {as exemplifications::} (26... exf5 27. Qxf5+ Rf6 (27... Bf6 28. Re7+
Kf8 29. Kh1 R8g7 30. R7e6 Kf7 31. R1e5 $40 (31. R1e4 $6 Qc5)) 28. Qh7+ Rg7 29.
Qh8 Rg8 30. Qxh4 Qc5+ 31. Kh1 $16) 27. Ne3 Bb6 28. Qe4 h3 29. Qb7+ Ke8 30. g3
$16) 26... Bg5 (26... h3 $6 27. g3 Ba5 28. Rd1 Bb6+ (28... Bb4 29. Nf4 Rf6 30.
Nxh3 $16) 29. Kh1 $16) 27. Kh1 h3 28. g3 Rh8 (28... Re8) 29. Rxe6 $5 {The
Computers calculating the PPP / B, promise nearly victory for White, but here
it is not convincing at all.} ({Better is} 29. Nf4 $142 $5 {asuring slight but
long advantage.} Bxf4 30. gxf4 Rhg8 31. b4 Qb7 (31... Re8 32. b5 Qb6 33. Qe3
Qxe3 34. Rxe3 $14) 32. c5 dxc5 33. bxc5 a5 34. Qc3 $14) 29... Rxe6 30. Qxf5+
Rf6 31. Nxf6 Bxf6 32. Re6 (32. Qe6+ Kg7 33. Re4 Rh6 34. a3 Qc7 35. Qg4+ Kf7 36.
b4 Qd8 37. b5 axb5 38. cxb5 d5 39. Re2 d4 40. Qf5 d3 $132) 32... Rh6 33. g4 $2
(33. Re1 $5 Rg6 (33... Qc5 34. Qe6+ Kg7 35. Re4 Rh5 36. Qg4+) 34. Qe6+ Kg7 35.
Re4) (33. Re4 $6 d5) 33... Qc5 $15 34. Qxc5 dxc5 35. Rxa6 Rh8 36. Kg1 Rd8 37.
Kf2 Bd4+ (37... Rd2+ 38. Kg3 Be5+ 39. Kh4 Rxh2 40. Ra7+ Ke6 $15) (37... Bd4+
$17 {by way of illustration:} 38. Ke2 Re8+ ({deviation also as exemplification:
} 38... Kg7 39. Ra7+ Kg6 40. Ra6+ Kg5 41. Ra7 Re8+ 42. Kf1 Kf4 43. Rh7 Kxf3 44.
Rxh3+ $17) 39. Kd1 Be5 40. a4 Rd8+ 41. Kc2 Bxh2) 0-1